Counties that Mikie Sherrill won - Statistics

General Stats
  • This quiz has been taken 6 times
  • The average score is 10 of 14
Answer Stats
County Seat County % Correct
Mays Landing Atlantic
100%
Newark Essex
100%
Hackensack Bergen
67%
Mount Holly Burlington
67%
______ Camden
67%
Bridgeton Cumberland
67%
Woodbury Gloucester
67%
Jersey City Hudson
67%
Trenton Mercer
67%
New Brunswick Middlesex
67%
Paterson Passaic
67%
Somerville Somerset
67%
Elizabeth Union
67%
______town Morris
33%
No matching quizzes found
Score Distribution
Percent of People with Each Score
Percentile by Number Answered
Your Score History
You have not taken this quiz